| 000 | 01911nam a2200457 c 4500 | ||
|---|---|---|---|
| 003 | BLK | ||
| 005 | 20241207151649.0 | ||
| 008 | 180409b bul|||||r ||||||| ||bul|| | ||
| 010 | _aKNG00125870000 | ||
| 040 | _aBLK | ||
| 041 |
_aBUL _cBUL |
||
| 080 |
_aНародни песни - исторически, хороводни, обичайни _b784.4 _x(497.2) _z784.4(497.2) |
||
| 080 |
_aТеория и форми на националната музика на отделните народи _b781.7 _x(497.2) _z781.7(497.2) |
||
| 100 | 1 |
_aСтоин, Елена Василева _eпърви автор _9376858 |
|
| 139 |
_aСтоин, Елена Василева _bС 81 |
||
| 245 | 1 | 0 |
_aМузикално-фолклорни диалекти в България _cЕлена Василева Стоин. |
| 257 | _aBGR | ||
| 260 |
_аСофия _bМузика _c1981 |
||
| 300 |
_a372 с. _bс ноти _c20 см |
||
| 380 | _a7 | ||
| 500 | _aБиблиогр. под линия. - Списък на съкр. | ||
| 650 | 0 |
_aМузика, народна _9300830 |
|
| 650 | 4 |
_aПесни, народни, български _9296522 |
|
| 651 | 4 |
_aБългария _9241624 |
|
| 653 | _aфолклорни области | ||
| 653 | _aфолклорни диалекти | ||
| 653 | _aбългарска музика | ||
| 653 | _aнародна музика | ||
| 653 | _aДобруджа | ||
| 653 | _aТракия | ||
| 653 | _aРодопи | ||
| 653 | _aСеверозападна България | ||
| 653 | _aСевероизточна България | ||
| 653 | _aПирински край | ||
| 852 | _aЦб 108819 | ||
| 856 | 4 |
_qpdf _u |
|
| 856 | 4 |
_qpdf _u |
|
| 942 |
_cKNG _n0 _01 |
||
| 944 |
_aCR _c10.10.2011 _lГеновева Генчева _k30560 |
||
| 944 |
_aED _c30.09.2015 _l10.10.2011 - от С1,Р / 10.10.2011 _k |
||
| 999 |
_c120254 _d120254 |
||